| 000 | 00415pab a2200157 454500 | ||
|---|---|---|---|
| 008 | 180718b2004 xxu||||| |||| 00| 0 eng d | ||
| 100 | _aBrandts, Jordi | ||
| 245 | _aDo labour market conditions affect gift exchange? Some experimental evidence | ||
| 260 | _c2004 | ||
| 300 | _ap.684-708. | ||
| 362 | _aJul | ||
| 650 | _aLabour market | ||
| 700 | _aCharness, gary | ||
| 773 | _aEconomic Journal | ||
| 909 | _a61729 | ||
| 999 |
_c61729 _d61729 |
||